00481 a2200157 4500260001000000100002200010260002400032245007700056300001100133650003800144260000900182300001000191130000800201035000900209500010500218 aParis aRUSCH, Hans Peter bLe Courier du livre aLa fécondité du sol, pour une conception biologique de l'agriculture a311 p. a c1972 b25 cm lFr. a2689 aTitre original : Bondenfruchtbarkeit, cine studie biologischendenkens. - Bibliographie : pp. 313-315